Statistics for Guinea or New Guinea?

Click here to take the quiz!

General Stats

  • This quiz has been taken 18 times
  • The average score is 9 of 14

Answer Stats

QuestionAnswer% Correct
Became an independent nation in 1958Guinea
89%
Has suffered outbreaks of ebolaGuinea
83%
Most languagesNew Guinea
83%
Is biggerNew Guinea
83%
Birds of Paradise are nativeNew Guinea
83%
Home to many uncontacted tribal groupsNew Guinea
78%
Has a large area that was colonised by GermanyNew Guinea
67%
Has crocodilesboth
61%
Errol Flynn lived thereNew Guinea
61%
The Sepik is the longest riverNew Guinea
61%
Greater populationGuinea
56%
Malaria is endemicboth
44%
Has a gold mining industryboth
33%
Touches the equatorneither
17%

Score Distribution

Percentile by Number Answered

Percent of People with Each Score

Your Score History

You have not taken this quiz